00294nam a2200133Ia 4500008004100000100001500041245002000056250001200076260002800088300000800116650001200124942000700136999001700143190216s9999||||xx |||||||||||||| ||und|| aRamsey A S 0aDynamics Part 2 a4th Ed. bEnglish Uty Pressc1972 a344 aPhysics cBK c32838d32838